Zeitschrift für allgemeine Wissenschaftstheorie

Enregistré dans:
Détails bibliographiques
Format: Publication en série
Langue:allemand
Publié: Wiesbaden Steiner 1976
Tags: Ajouter un tag
Pas de tags, Soyez le premier à ajouter un tag!

MARC

LEADER 00000nas2a2200000 4500
001 0017252
005 20250730114353.2
041 0 |a ger 
044 |a DE 
245 1 0 |a Zeitschrift für allgemeine Wissenschaftstheorie 
264 1 |a Wiesbaden  |b Steiner  |c 1976 
300 |a 1 zv. 
773 0 |w eu_un_cat*s125061